| 000 | 00594nam a2200205 i 4500 | ||
|---|---|---|---|
| 001 | bg | ||
| 100 | 1 | _aNAWROWSKI, Ryszard | |
| 245 | 1 | 0 |
_aTory wielkoprądowe izolowane powietrzem lub SF~(6 / _cRyszard Nawrowski. |
| 260 |
_aPoznań : _bWydaw. Politechniki Poznańskiej, _c1998. |
||
| 300 |
_a183 s. : _bfot., rys., wykr. ; _c24 cm. |
||
| 504 | _aBibliogr. s. 174-183. | ||
| 650 | 9 | _aTory wielkoprądowe | |
| 020 | _a8371430612 | ||
| 040 | _cBPK | ||
| 041 | 0 | _apl | |
| 080 | _a621.315:537.8:517.9 | ||
| 920 | _a83-7143-061-2 | ||
| 942 | _cKS | ||
| 008 | s pl f |000 0 pol | ||
| 999 |
_c36518 _d36518 |
||
| 856 |
_uhttp://koha.tu.koszalin.pl/cgi-bin/koha/opac-detail.pl?biblionumber=36518 _yKatalog online BPK |
||